000 01044cam a2200229 4500
001 WB4031-10
008 040810n2004 000 0 eng u
035 _a(Sirsi) u127045
245 _aScottish flooding guide
260 _c2004
490 _aScottish Executive News Release
_v(6 August 2004)
520 _aThe Scottish Executive has released a new guide for councils and developers on how to build and plan where flooding is a problem. The Planning Advice Note draws together both planning and building standards advice on flooding into one document. It provides information both on the water environment, including watercourses and the coast, and the impact of floodwater on buildings and materials. Full details can be found on the website. http://www.scotland.gov.uk/News/Releases/2004/08/0 6101014
590 _aWB
590 _aWB
650 _aFLOODING
650 _aFLOOD RISK AREAS
650 _aPLANNING POLICY
650 _aHOUSE BUILDERS
650 _aFLOOD PLAINS
690 _aHOUSING-DEVELOPMENT
942 _n0
999 _c117836
_d117836